000 00337nam a2200157Ia 4500
003 OSt
005 20240318100006.0
008 170524s9999 xx 000 0 und d
020 _aNIL
040 _cIIMTU MEERUT
100 _aTed- Haigh
245 0 _aVintage cocktails & sprits
260 _bApple
260 _c2002
942 _2ddc
_c02
999 _c7127
_d7127